000 00882nam a22002893a 4500
001 16412965
003 OSt
005 20140310182324.0
008 890322s1989 nyu 000 1 eng d
010 _a 00515387
020 _a0441795536 :
_c$3.95 ($5.25 Can.)
035 _a(OCoLC)ocm19413305
040 _aSLC
_cSLC
_dDLC
050 0 0 _aPS 3563
_b.M478 1989
082 _aFIC
_bM14t 1989
100 1 _aMcDevitt, Jack.
_921223
245 1 2 _aA talent for war /
_cJack McDevitt.
260 _aNew York :
_bAce Books,
_c1989.
300 _a310 p. :
_c18 cm.
650 _aScience fiction.
655 7 _aScience fiction.
_2gsafd
_91889
710 2 _aCopyright Paperback Collection (Library of Congress)
_5DLC
_9705
730 0 _aIsaac Asimov's science fiction magazine.
_921224
906 _a7
_bcbc
_ccopycat
_d2
_encip
_f20
_gy-genrareb
942 _2lcc
_cBK-FIC
999 _c11868
_d11868